000 01188naa a2200289 c 4500
001 32810
003 ES-MaCES
005 20020509133600.0
008 020509n2002 sp t 000 | spa d
035 _aCES20020002855v
040 _aES-MaCES
_bspa
_cES-MaCES
100 1 _aPanizo Robles, José Antonio
_920324
245 1 4 _aLas últimas modificaciones en el ámbito de las prestaciones de la Seguridad Social
_b: (comentario a la Ley de acompañamiento para el año 2002)
_cJosé Antonio Panizo Robles
610 1 4 _aEspaña
_tLey de medidas fiscales, administrativas y del orden social
_d2001
_92986
650 4 _acomentario
_928971
650 4 _a2001
_931582
650 4 _alegislación de seguridad social
_929855
650 4 _aEspaña
_926964
650 4 _areforma de la seguridad social
_930668
650 4 _aadministración de la seguridad social
_930264
650 4 _arégimen universal de prestaciones
_930153
653 1 0 _aSeguridad Social
773 0 _tRelaciones laborales
_gaño 18, n. 2 (23 en. 2002){10194 R. 046056}; p. 73-96
_w(ES-MaCES)25210
_942912
902 _aART Artículo de revista
942 _2CES
_cAR
_h3.0.
999 _c32810
_d32810